Online
Catalog

Gertrudis y Claudio / (Record no. 57199)

MARC details
000 -CABECERA
campo de control de longitud fija 02445nam a2200301 i 4500
003 - IDENTIFICADOR DEL NÚMERO DE CONTROL
campo de control DO-SdBNP
005 - FECHA Y HORA DE LA ÚLTIMA TRANSACCIÓN
campo de control 20240708111948.0
007 - CAMPO FIJO DE DESCRIPCIÓN FÍSICA--INFORMACIÓN GENERAL
campo de control de longitud fija ta
008 - DATOS DE LONGITUD FIJA--INFORMACIÓN GENERAL
campo de control de longitud fija 240708s2000 sp 000 j spa d
020 ## - NÚMERO INTERNACIONAL ESTÁNDAR DEL LIBRO
Número Internacional Estándar del Libro 8483101548
040 ## - FUENTE DE LA CATALOGACIÓN
Centro catalogador/agencia de origen DO-SdBNP
Lengua de catalogación spa
Centro/agencia transcriptor BNPHU
Normas de descripción rda
082 ## - NÚMERO DE LA CLASIFICACIÓN DECIMAL DEWEY
Número de documento/Ítem U66
Número de edición 22
100 ## - ENTRADA PRINCIPAL--NOMBRE DE PERSONA
Nombre de persona Updike, John
9 (RLIN) 11765
Término indicativo de función/relación autor
Fechas asociadas al nombre 1932-2009
240 10 - TÍTULO UNIFORME
Título uniforme Gertrude and Claudius /
245 10 - MENCIÓN DE TÍTULO
Título Gertrudis y Claudio /
Mención de responsabilidad, etc. John Updike ; traducción Jordi Fibla
264 #1 - PRODUCCIÓN, PUBLICACIÓN, DISTRIBUCIÓN, FABRICACIÓN Y COPYRIGHT
Producción, publicación, distribución, fabricación y copyright Barcelona, España :
Nombre del de productor, editor, distribuidor, fabricante TusQuets editores,
Fecha de producción, publicación, distribución, fabricación o copyright 2000.
300 ## - DESCRIPCIÓN FÍSICA
Extensión 232 páginas,
Dimensiones 21 cm.
336 ## - TIPO DE CONTENIDO
Fuente rdacontent
Término de tipo de contenido texto
Código de tipo de contenido txt
337 ## - TIPO DE MEDIO
Fuente rdamedia
Nombre/término del tipo de medio sin mediación
Código del tipo de medio n
338 ## - TIPO DE SOPORTE
Fuente rdacarrier
Nombre/término del tipo de soporte volumen
Código del tipo de soporte nc
490 1# - MENCIÓN DE SERIE
Mención de serie Andanzas
Designación de volumen o secuencia 426
500 ## - NOTA GENERAL
Nota general Incluye datos biografícos del autor en la solapa de la portada.
520 ## - SUMARIO, ETC.
Sumario, etc. Por fortuna, John Updike es ya un habitual de nuestro catálogo, pues cada uno de sus libros depara una grata sorpresa: si en Hacia el final del tiempo (Andanzas 393) ambientaba la acción en el año 2020 y nos brindaba así una compleja metáfora de la sociedad que se nos avecina, en Gertrudis y Claudio, reyes de Dinamarca, recrea ni más ni menos que el turbulento y a la vez apasionante mundo de las sagas nórdicas en que siglos más tarde William Shakespeare se inspiraría para escribir la tragedia de Hamlet. La tragedia Hamlet, de Shakespeare, comienza cuando el espectro del rey de Dinamarca, que acaba de morir asesinado por su hermano Claudio, se le aparece a su hijo Hamlet clamando venganza. Updike, en cambio, se remonta en la leyenda y nos adentra en un drama anterior, el de la pasión de Claudio por Gertrudis, esposa del rey asesinado y madre de Hamlet. La joven princesa Gertrudis, obedeciendo órdenes paternas, se había casado sin amar a su futuro marido y no pudo evitar enamorarse perdidamente de su melancólico y soñador cuñado. Durante trece años Claudio y Gertrudis, locos de amor, reprimieron la explosión de sus sentimientos. Envueltos en la envidia, los celos desgarrados y las indecisiones, pudo más la pasión. Al contarnos el origen de la tragedia hamletiana, Updike arroja irónicamente una luz nueva no sólo sobre el hosco resentimiento de Hamlet, sino también sobre las razones que condujeron a gente tan docta y sabia a una sucesión de muertes irracionales.
590 ## - NOTA LOCAL (RLIN)
Nota local Inventariado, 2024/ YL
700 ## - PUNTO DE ACCESO ADICIONAL--NOMBRE DE PERSONA
Nombre de persona Fibla, Jordi
Término indicativo de función/relación traducción
9 (RLIN) 11174
910 ## - DATOS DE OPCIÓN DEL USUARIO (OCLC)
Datos de opción del usuario YLockward
942 ## - ELEMENTOS DE PUNTO DE ACCESO ADICIONAL (KOHA)
Fuente del sistema de clasificación o colocación Dewey Decimal Classification
Tipo de ítem Koha Libro
Holdings
Estado de retiro Estado de pérdida Fuente del sistema de clasificación o colocación Restricciones de uso No para préstamo Código de colección Localización permanente Ubicación/localización actual Ubicación en estantería Fecha de adquisición Fuente de adquisición Total de préstamos Signatura topográfica completa Código de barras Fecha visto por última vez Precio válido a partir de Tipo de ítem Koha
    Dewey Decimal Classification Préstamo en sala   General Biblioteca Nacional Pedro Henríquez Ureña Biblioteca Nacional Pedro Henríquez Ureña En catalogación 01.07.2008 Donación   U66 2024-4258 08.07.2024 08.07.2024 Libro

Powered by Koha